00000000nam##2200000za#4500
0019.608254
003CaOODSP
00520210624213532
007cr |||||||||||
008150406|2005||||xxc|||||o    f|0| 0 fre|d
040 |aCaOODSP|bfre
043 |an-cn---
0861 |aSC102-2/40-2005F-MP3
1102 |aÉcole de la fonction publique du Canada.
24510|aPersuader quelqu'un de quelque chose. Fichier audio |h[ressource électronique]
260 |aOttawa - Ontario : |bÉcole de la fonction publique du Canada
300 |aDurée : 00:26:22
4901 |aProgramme de français langue seconde - Niveaux A et B. Fichier audio |vObjectif de formation 40, 2005
500 |aTitre de l'édition imprimée et du catalogueur. Fichiers audio qui accompagnent la version imprimée (SC102-2/40-2005F) et électronique (SC102-2/40-2005F-PDF) de ce titre. Comprend des activités de mise en train et de performance.
590 |a15-01-Supp|b2015-01-26
590 |a14-52-Supp|b2014-08-22
830#0|aProgramme de français langue seconde - Niveaux A et B. Fichier audio ;|vObjectif de formation 40, 2005|w(CaOODSP)9.504304
85640|ahttp://publications.gc.ca|qMP3|s10,289 Ko|uhttps://publications.gc.ca/collections/collection_2015/efpc-csps/SC102-2-40-11-2005-fra.mp3
85640|ahttp://publications.gc.ca|qMP3|s2135 Ko|uhttps://publications.gc.ca/collections/collection_2015/efpc-csps/SC102-2-40-17A-2005-fra.mp3
85640|ahttp://publications.gc.ca|qMP3|s12,422 Ko|uhttps://publications.gc.ca/collections/collection_2015/efpc-csps/SC102-2-40-8-2005-fra.mp3
85640|ahttp://publications.gc.ca|qMP3|s12,531 Ko|uhttps://publications.gc.ca/collections/collection_2015/efpc-csps/SC102-2-40-17B-2005-fra.mp3
85640|ahttp://publications.gc.ca|qMP3|s12,045 Ko|uhttps://publications.gc.ca/collections/collection_2015/efpc-csps/SC102-2-40-17C-2005-fra.mp3|yObjectif de formation 40, 2005